El hospital público en Chile
Guardado en:
| Autor principal: | |
|---|---|
| Formato: | Libro |
| Lenguaje: | español |
| Publicado: |
Santiago
Ministerio de Salud
2004
|
| Edición: | 1a. ed |
| Materias: | |
| Etiquetas: |
Agregar Etiqueta
Sin Etiquetas, Sea el primero en etiquetar este registro!
|
MARC
| LEADER | 00000cam a2200000 a 4500 | ||
|---|---|---|---|
| 001 | UCD8865 | ||
| 003 | CL-VaPUC | ||
| 008 | 170527e20040000cl |||||||||||||||||spa|d | ||
| 082 | 0 | 4 | |a 353.6 |b MON |2 21 |
| 100 | |a Montoya Aguilar, Carlos |e autor |9 592428 | ||
| 245 | 1 | 3 | |a El hospital público en Chile |
| 250 | |a 1a. ed | ||
| 300 | |a v | ||
| 942 | |c BK | ||
| 945 | |d 20170527 00:32:00 |a dcastane | ||
| 260 | |a Santiago |b Ministerio de Salud |c 2004 | ||
| 650 | 7 | |a SISTEMAS DE SALUD |2 CL-VaPUC |9 351700 | |
| 650 | 0 | |a Salud pública |9 258913 | |
| 583 | |a last modification |c 20170527 00:32:00 |k Rodrigo Vera | ||
| 999 | |c 368173 |d 368171 | ||